00538nam a2200169 a 4500001000400000003000500004005001700009008004100026020001500067040002000082100001800102245015200120250001100272260003400283490002600317650002500343772CDMR20131022124649.0130130s1983||||||||||||||||||||||||||||d a8425207789 aCDMRbcatcCDMR1 aMunari, Bruno10aDiseño y comunicación visualcB. Munari ; versión castellana de Francesc Serra i Cantarell.b: contribución a una metodología didáctica a7a ed. aBarcelonac1983bGustavo Gili0 aComunicación Visual04aComunicació visual